Statistics for Largest Search Engines

Click here to take the quiz!

General Stats

  • This quiz has been taken 155 times
    (57 since last reset)
  • The average score is 4 of 7

Answer Stats

%Search Engine% Correct
65.44Google
100%
15.82Bing
92%
8.28Yahoo
90%
0.24Ask
32%
8.30Baidu
20%
0.15AOL
16%
0.01Lycos
6%

Score Distribution

Percentile by Number Answered

Percent of People with Each Score

Your Score History

You have not taken this quiz since the last reset